[Event "Zuerich op-B 31st"]
[Site "Zuerich"]
[Date "2008.??.??"]
[Round "7"]
[White "Huber, Silvan"]
[Black "Leuenberger, Urs"]
[Result "1-0"]
[WhiteElo "2021"]
[BlackElo "1937"]
[PlyCount "47"]
[EventDate "2007.12.26"]
[EventType "swiss"]
[EventRounds "7"]
[EventCountry "SUI"]
[SourceTitle "EXT 2019"]
[Source "ChessBase"]
[SourceDate "2018.10.10"]
[SourceVersion "1"]
[SourceVersionDate "2018.10.10"]
[SourceQuality "1"]

1. e4 e6 2. d4 d5 3. Nc3 Bb4 4. Bd2 Nf6 5. e5 Ng8 6. Qg4 g6 7. Bd3 b6 8. h4 h5 9. Qe2 a5 10. Bg5 Qd7 11. Nh3 Ba6 12. 0-0 Bxd3 13. cxd3 Bxc3 14. bxc3 Nc6 15. Rfd1 Nce7 16. c4 Nf5 17. Qb2 Nge7 18. Bf6 0-0 19. Nf4 Nc6 20. Ne2 Rab8 21. f3 Ne3 22. Qc1 Nf5 23. g4 hxg4 24. fxg4 1-0